[Event "Foment Martinenc op-C 24th"]
[Site "Barcelona"]
[Date "2024.04.27"]
[Round "2"]
[White "Fabres Pino, Guillem"]
[Black "Ferran Giralt, Bernat"]
[Result "0-1"]
[WhiteElo "1269"]
[BlackElo "1608"]
[PlyCount "44"]
[EventDate "2024.04.20"]
[EventType "swiss"]
[EventRounds "9"]
[EventCountry "ESP"]
[SourceTitle "CBM 220 Extra"]
[Source "ChessBase"]
[SourceDate "2024.07.31"]
[SourceVersion "1"]
[SourceVersionDate "2024.07.31"]
[SourceQuality "1"]

1. d4 d5 2. Bf4 Nf6 3. e3 c5 4. Nf3 Nc6 5. c3 e6 6. Nbd2 Bd6 7. Be2 Bxf4 8. exf4 cxd4 9. 0-0 dxc3 10. bxc3 0-0 11. c4 Re8 12. Nb3 Qe7 13. cxd5 exd5 14. Bd3 Be6 15. f5 Bd7 16. Rc1 Rac8 17. Qd2 Ne4 18. Qe1 Qf6 19. Na5 Nc5 20. Rb1 Rxe1 21. Nxe1 Nxa5 22. Nf3 Nxd3 0-1